000 01088nam a22001457a 4500
999 _c515372
_d515372
008 210122b ||||| |||| 00| 0 eng d
100 _aDuranton, Gilles and Puga, diego
_924294
245 _aThe economics of urban density
260 _aThe Journal of Economic Perspectives
300 _a34(3), Summer, 2020: p.3-26
520 _aDensity boosts productivity and innovation, improves access to goods and services, reduces typical travel distances, encourages energy efficient construction and transport, and allows broader sharing of scarce urban amenities. However, density is also synonymous with crowding and makes living and moving in cities more costly. We explore the appropriate measurement of density and describe how it is both a cause and a consequence of the evolution of cities. We then discuss whether and how policy should target density and why, in practice, the tradeoff between its pros and cons is unhappily resolved by both market and political forces.- Reproduced
773 _aThe Journal of Economic Perspectives
906 _aURBAN ECONOMICS
942 _cAR